Qui a dit.... ? - Rap français - Statistiques

Statistiques générales
  • Ce quiz a été pris 234 fois
  • Le résultat moyen est 6 sur 10
Statistiques - réponses
Hint Réponse % Correct
Ça veut l'port d'armes et les gros bras à Jean Claude Van Damme JUL
84%
Dans le laboratoire, on fait pas de fautes éliminatoires Werenoi
82%
J'avoue j'ai fait le con enfermé entre 4 murs, 3h du mat je repense à toi Ninho
73%
Elle me dit que j'donne jamais de nouvelles, que j'ai pas tant d'amour pour elle PLK
65%
Faudra d'la foie et du courage, une relation remplie de rage qui démarre sur des bases pourries SDM
62%
Mon ressenti ne change pas, ça m'inquiète, j'ai de l'amour mais y'a de la haine qui empiète Josman
55%
On a grandi comme les princes de la ville PNL
52%
À vrai dire j'ai eu du mal à démarrer, ce matin sans ton message dans lequel tu me souhaites une bonne journée Dinos
51%
On va les attendre pas faire couler l'sang, attendre et faire doucement Tiakola
43%
On se faisait confiance, on s'est trahi, pendant que je t'aimais tu m'a haï Jok'air
24%
Aucun quiz correspondant
Distribution des résultats
% des personnes avec chaque résultat
Percentile par nombre de réponses
Votre historique - résultats
Vous n’avez pas pris ce quiz